Movies Quiz

Random Movies or Actor Quiz

Adam Sandler (A-Z) Quiz Stats

 Plays Quiz Updated Jan 2, 2021

Support Sporcle.
Go Orange.
Score 0/20 Timer 05:00
4 Plays Today
Letter Movie % Correct
BBedtime Stories, Big Daddy, Billy Madison, Blended, Bulletproof
91.9%
HHappy Gilmore, Hotel Transylvania, Hotel Transylvania 2, Hotel Transylvania 3, Hubie Halloween
88%
WThe Waterboy, The Wedding Singer, The Week Of
70.4%
F50 First Dates, Funny People
68.5%
CClick, The Cobbler, Coneheads
60.1%
LLittle Nicky, The Longest Yard
56.3%
GGoing Overboard, Grown Ups, Grown Ups 2
51.3%
MMen, Women & Children, Mixed Nuts, Mr. Deeds, The Meyerowitz Stories, Murder Mystery
49.7%
JJack and Jill, Just Go With It
48.2%
AAirheads, Anger Management
46.3%
Letter Movie % Correct
UUncut Gems
44.4%
YYou Don't Mess with the Zohan
39.4%
EEight Crazy Nights
38.9%
SShakes the Clown, Spanglish, Sandy Wexler
36.6%
PPixels, Punch-Drunk Love
32.6%
TThat's My Boy, Top Five
23.9%
II Now Pronounce You Chuck and Larry
22.5%
RReign Over Me
17.8%
DThe Do-Over
17.2%
ZThe Zookeeper
16.7%

From the Vault

Catholic Objects and Symbols

by beforever

This religion quiz is second to nun!
Remove Ads.
Support Sporcle.
Get the best of Sporcle when you Go Orange. This ad-free experience offers more features, more stats, and more fun while also helping to support Sporcle. Thank you for becoming a member.

Show Comments

Extras

Top Quizzes Today


Score Distribution

Your Account Isn't Verified!

In order to create a playlist on Sporcle, you need to verify the email address you used during registration. Go to your Sporcle Settings to finish the process.

Report this User

Report this user for behavior that violates our Community Guidelines.

Details: